Witamy w Bibliotece Naukowej Instytutu Łączności!

Impul'snoe peremagnicenie svjazannych ferritov / (Rekord nr 8672)

000 -LEADER
fixed length control field 00264 a2200085 4500
100 1# - MAIN ENTRY--PERSONAL NAME
Personal name Kosarev, A.A..
Relator term Autor
245 0# - TITLE STATEMENT
Title Impul'snoe peremagnicenie svjazannych ferritov /
Statement of responsibility, etc Kosarev A.A..
260 ## - PUBLICATION, DISTRIBUTION, ETC. (IMPRINT)
Place of publication, distribution, etc Novosibirsk :
Name of publisher, distributor, etc Nauka,
Date of publication, distribution, etc 1966.
300 ## - PHYSICAL DESCRIPTION
Extent 65 s.;
Dimensions 25 cm.
710 2# - ADDED ENTRY--CORPORATE NAME
Corporate name or jurisdiction name as entry element Nauka.
Relator term Wydawca
Relator code pbl
Egzemplarze
Withdrawn status Lost status Source of classification or shelving scheme Damaged status Not for loan Permanent Location Current Location Shelving location Date acquired Cost, normal purchase price Inventory number Full call number Barcode Date last seen Price effective from Koha item type
          Instytut Łączności Instytut Łączności Magazyn 1967-06-24 0.00 22496 22496 22496 2022-10-18 2017-11-30 Książki

Działa dzięki Koha